Gender in modern India: (Record no. 1309758)

MARC details
000 -LEADER
fixed length control field 02846nam a22003735i 4500
001 - CONTROL NUMBER
control field 23356443
005 - DATE AND TIME OF LATEST TRANSACTION
control field 20250429152128.0
008 - FIXED-LENGTH DATA ELEMENTS--GENERAL INFORMATION
fixed length control field 231019s2023 nyu 000 0 eng
010 ## - LIBRARY OF CONGRESS CONTROL NUMBER
LC control number 2023948776
020 ## - INTERNATIONAL STANDARD BOOK NUMBER
International Standard Book Number 9780198900788
037 ## - SOURCE OF ACQUISITION
Terms of availability TB
040 ## - CATALOGING SOURCE
Original cataloging agency CRL
Language of cataloging eng
Description conventions rda
Transcribing agency CRL
041 ## - LANGUAGE CODE
Source of code eng
Language code of text/sound track or separate title eng
042 ## - AUTHENTICATION CODE
Authentication code pcc
084 ## - COLON CLASSIFICATION NUMBER
Classification number Y15.2 R4
Assigning agency CRL
245 00 - TITLE STATEMENT
Title Gender in modern India:
Remainder of title history, culture, marginality
260 ## - PUBLICATION, DISTRIBUTION, ETC.
Place of publication, distribution, etc. New York, USA:
Name of publisher, distributor, etc. Oxford University Press,
Date of publication, distribution, etc. 2023.
263 ## - PROJECTED PUBLICATION DATE
Projected publication date 2311
264 #1 - PRODUCTION, PUBLICATION, DISTRIBUTION, MANUFACTURE, AND COPYRIGHT NOTICE
Date of production, publication, distribution, manufacture, or copyright notice 2023.
300 ## - PHYSICAL DESCRIPTION
Extent xvi, 347p. cm
336 ## - CONTENT TYPE
Content type term text
Content type code txt
Source rdacontent
337 ## - MEDIA TYPE
Media type term unmediated
Media type code n
Source rdamedia
338 ## - CARRIER TYPE
Carrier type term volume
Carrier type code nc
Source rdacarrier
365 ## - TRADE PRICE
Price amount 1495.00
Currency code INR
520 ## - SUMMARY, ETC.
Summary, etc. "Gender is as much a political subject as an intellectual one. It has been the terrain over which "communities assert their superiority and the inferiority of others"; "nations claim their own purity and the contamination of others"; and "the West marks its development over the backwardness of others." Broadly speaking, there are three overlapping phases which gender studies has traversed in the past. The first one was 1970s. Women's movement and scholarship on gender, both began their modern journeys in the 1970s. 1970s was the decade of three significant developments which had a bearing on the future of gender. First, the disenchantment against post-independent model of planned development was manifesting in mass agitations and public protests in which women participated in an active way and in good numbers. Second, the publication of the report Towards Equality (1974)-emanating from a survey done by the 'Committee on the Status of Women in India' (CSWI) set up by the central government in 1971 to review rights and status, especially with respect to education and employment-showed the deplorable condition of women in the country, and how it was fast deteriorating. This galvanized many feminists and activists into action and was hailed as the foundational text of the movement. It also brought about a shift-from women as subjects to be educated to women as new subjects of investigation and study. Third, the Indian Council of Social Science Research (ICSSR), country's apex research body, started a program on women's studies (1975) to generate and analyze data and study women's question in relation to social sciences"--
Assigning source Provided by publisher.
650 ## - SUBJECT ADDED ENTRY--TOPICAL TERM
Topical term or geographic name entry element Feminism
650 ## - SUBJECT ADDED ENTRY--TOPICAL TERM
Source of heading or term Sociology
700 1# - ADDED ENTRY--PERSONAL NAME
Personal name Singh, Lata,
Relator term editor.
9 (RLIN) 753442
700 1# - ADDED ENTRY--PERSONAL NAME
Personal name Shekhar Sinha, Shashank,
Relator term editor.
9 (RLIN) 753443
906 ## - LOCAL DATA ELEMENT F, LDF (RLIN)
a 0
b ibc
c orignew
d 2
e epcn
f 20
g y-gencatlg
942 ## - ADDED ENTRY ELEMENTS (KOHA)
Source of classification or shelving scheme Colon Classification (CC)
Koha item type Textbook
Classification part Y15.2 R4
Suppress in OPAC No
Holdings
Withdrawn status Lost status Source of classification or shelving scheme Damaged status Not for loan Home library Current library Date acquired Source of acquisition Cost, normal purchase price Inventory number Total Checkouts Full call number Barcode Date last seen Price effective from Koha item type
    Colon Classification (CC)     Central Library Central Library 2025-04-29 International Book Distributors 1495.00 121099 & 2024-12-18   Y15.2 R4 CL1682245 2025-04-29 2025-04-29 Textbook
Copyright @ Delhi University Library System